PILIHAN RAYA UMUM KE-14 : ISU DAN CABARAN MALAYSIA BAHARU

Bibliographic Details
Other Authors: Azlan Shah Ali (Editor), Rosmadi Fauzi (Editor), Zulkarnain Abdul Rahman (Editor)
Format: Book
Language:Malay
Published: KUALA LUMPUR : Penerbit Universiti Malaya 2019
Subjects:

MARC

LEADER 00000cam a2200000 7i4500
001 0000140521
005 20210427.0
008 210427t20192019my d xi h k may
020 |a 9789674881160 
040 |a PERPUSTAM   |b eng   |c PERPUSTAM   |e rda 
090 0 0 |a 324.609595   |b PIL 
245 0 0 |a PILIHAN RAYA UMUM KE-14 :   |b ISU DAN CABARAN MALAYSIA BAHARU   |c EDITOR ZULKANAIN ABDUL RAHMAN, ROSMADI FAUZI, AMER SAIFUDE GHAZALI 
264 1 |a KUALA LUMPUR :   |b Penerbit Universiti Malaya   |c 2019 
264 4 |c ©2019 
300 |a xxi, 530 pages :   |b maps ;   |c 23 cm. 
336 |a text  |2 rdacontent 
337 |a unmediated  |2 rdamedia 
338 |a volume  |2 rdacarrier 
500 |a Includes index 
650 1 0 |a Elections   |z Malaysia 
650 2 0 |a Government publications   |z Malaysia 
700 0 |a Azlan Shah Ali ,   |e editor 
700 0 |a Rosmadi Fauzi ,   |e editor 
700 0 |a Zulkarnain Abdul Rahman ,   |e editor 
999 |a 0000675653   |b Buku   |c Rak Terbuka   |e Perbadanan Perpustakaan Awam Melaka 
999 |a 0000675654   |b Buku   |c Rak Terbuka   |e Perpustakaan Cawangan Jasin 
999 |a 0000675655   |b Buku   |c Rak Terbuka   |e Perpustakaan Cawangan Masjid Tanah 
999 |a 0000675656   |b Buku   |c Rak Terbuka   |e Perpustakaan Cawangan Merlimau 
999 |a 0000675657   |b Buku   |c Rak Terbuka   |e Perbadanan Perpustakaan Awam Melaka 
999 |a 0000675658   |b Buku   |c Rak Terbuka   |e Perbadanan Perpustakaan Awam Melaka 
999 |a 0000675659   |b Buku   |c Rak Terbuka   |e Perpustakaan Komuniti UTC Melaka